[Event "Sandefjord Caissa CC-chA"]
[Site "Sandefjord"]
[Date "2020.01.13"]
[Round "1"]
[White "Skarstad, Morten"]
[Black "Farmen, Pal"]
[Result "0-1"]
[WhiteElo "1576"]
[BlackElo "1914"]
[PlyCount "92"]
[EventDate "2020.01.13"]
[EventType "tourn"]
[EventRounds "11"]
[EventCountry "NOR"]
[SourceTitle "EXT 2024"]
[Source "ChessBase"]
[SourceDate "2023.10.10"]
[SourceVersion "1"]
[SourceVersionDate "2023.10.10"]
[SourceQuality "1"]

1. e4 g6 2. d4 Bg7 3. Be3 c5 4. Nf3 Nf6 5. e5 Nd5 6. Bc4 Nxe3 7. fxe3 0-0 8. 0-0 d5 9. exd6 Qxd6 10. Ng5 e6 11. Ne4 Qb6 12. Nxc5 Nd7 13. Nxd7 Bxd7 14. Bb3 a5 15. a4 Bc6 16. Nd2 Bd5 17. c4 Bc6 18. c5 Qb4 19. Qc2 Bh6 20. Qd3 b6 21. cxb6 Qxb6 22. Nc4 Qa6 23. Rad1 Qb7 24. Rf2 Bd5 25. Rdf1 Bg7 26. Ba2 Qb4 27. e4 Bxc4 28. Bxc4 Qb6 29. e5 Rad8 30. Qb3 Qxd4 31. Kh1 Rb8 32. Qa2 Qxe5 33. Re2 Rxb2 34. Rxe5 Rxa2 35. Rxa5 Rc2 36. Bb5 Rc7 37. h3 Rd8 38. g4 Rd2 39. Ra8+ Bf8 40. Kg1 Kg7 41. a5 Rcc2 42. Rb1 Rg2+ 43. Kf1 Rcf2+ 44. Ke1 Bc5 45. Be2 Rxe2+ 46. Kd1 Ref2 0-1

[Event "Sandefjord Caissa Spring A"]
[Site "Sandefjord"]
[Date "2019.06.03"]
[Round "4"]
[White "Hoyte, Jarle"]
[Black "Skarstad, Morten"]
[Result "1-0"]
[WhiteElo "1699"]
[BlackElo "1519"]
[PlyCount "57"]
[EventDate "2019.01.21"]
[EventType "tourn"]
[EventRounds "9"]
[EventCountry "NOR"]
[SourceTitle "EXT 2024"]
[Source "ChessBase"]
[SourceDate "2023.10.10"]
[SourceVersion "1"]
[SourceVersionDate "2023.10.10"]
[SourceQuality "1"]

1. d4 d5 2. Bf4 f5 3. Nf3 e6 4. e3 Nf6 5. Nbd2 Be7 6. Be2 0-0 7. 0-0 Nbd7 8. c4 c6 9. cxd5 exd5 10. Ne5 Ne4 11. Nxe4 fxe4 12. Qb3 Bf6 13. Nxd7 Qxd7 14. f3 Bxd4 15. fxe4 Bb6 16. Rad1 Qe7 17. exd5 Rxf4 18. d6+ Qf7 19. Qxf7+ Rxf7 20. Bc4 Bxe3+ 21. Kh1 Bg4 22. Bxf7+ Kh8 23. Rde1 Bb6 24. Re8+ Rxe8 25. Bxe8 Kg8 26. Bf7+ Kh8 27. Bh5 Be6 28. Rf8+ Bg8 29. Bf7 1-0

[Event "Sandefjord Caissa Spring A"]
[Site "Sandefjord"]
[Date "2019.04.19"]
[Round "8"]
[White "Farmen, Pal"]
[Black "Skarstad, Morten"]
[Result "1-0"]
[WhiteElo "1919"]
[BlackElo "1519"]
[PlyCount "83"]
[EventDate "2019.01.21"]
[EventType "tourn"]
[EventRounds "9"]
[EventCountry "NOR"]
[SourceTitle "EXT 2024"]
[Source "ChessBase"]
[SourceDate "2023.10.10"]
[SourceVersion "1"]
[SourceVersionDate "2023.10.10"]
[SourceQuality "1"]

1. e4 d5 2. d4 dxe4 3. Nc3 e5 4. Be3 Bb4 5. Bc4 exd4 6. Qh5 g6 7. Qe5+ Kf8 8. Bxd4 f6 9. Qd5 Qe7 10. 0-0-0 c6 11. Qxe4 Bf5 12. Qxe7+ Bxe7 13. Nf3 Nd7 14. Nh4 Bg4 15. f3 Bh5 16. g4 g5 17. gxh5 gxh4 18. Bf2 Ne5 19. Bxg8 Rxg8 20. f4 Nf7 21. Bxh4 b5 22. Rhe1 Bd6 23. Bg3 Kg7 24. Ne4 Bc7 25. Rd7 Rac8 26. Nc5 Rgd8 27. Ne6+ Kg8 28. Rxc7 Rxc7 29. Nxc7 f5 30. Re8+ Rxe8 31. Nxe8 Kf8 32. Nc7 Ke7 33. Na6 Nd6 34. Nc5 Ne8 35. Nd3 Nf6 36. Bh4 Kf7 37. Bxf6 Kxf6 38. Kd2 Ke6 39. Ke3 h6 40. Kd4 Kd6 41. b4 a5 42. a3 1-0

[Event "Sandefjord Caissa Spring A"]
[Site "Sandefjord"]
[Date "2019.03.18"]
[Round "6"]
[White "Walseth, Tron"]
[Black "Skarstad, Morten"]
[Result "0-1"]
[WhiteElo "1971"]
[BlackElo "1519"]
[PlyCount "58"]
[EventDate "2019.01.21"]
[EventType "tourn"]
[EventRounds "9"]
[EventCountry "NOR"]
[SourceTitle "EXT 2024"]
[Source "ChessBase"]
[SourceDate "2023.10.10"]
[SourceVersion "1"]
[SourceVersionDate "2023.10.10"]
[SourceQuality "1"]

1. Nf3 d5 2. d4 f5 3. c4 c6 4. g3 Nf6 5. Bg2 e6 6. 0-0 Bd6 7. b3 Qe7 8. Bf4 Bxf4 9. gxf4 0-0 10. Nbd2 Ne4 11. Ne5 Qh4 12. e3 Nxd2 13. Qxd2 Nd7 14. f3 Rf6 15. Qf2 Qh5 16. Rae1 Rh6 17. h3 Nxe5 18. dxe5 Bd7 19. Rd1 Kh8 20. e4 g5 21. fxg5 Qxg5 22. f4 Qg6 23. exf5 Qxf5 24. Kh2 Rg8 25. Rg1 Rg4 26. cxd5 exd5 27. e6 Bxe6 28. Qd4+ Kg8 29. Bf3 Rxh3+ 0-1